000 00667cam a22001934a 4500
005 20250605164226.0
008 250528s ||||||||||||||||||||||||d
035 _a20856
020 _a9789606829635
040 _aGR-AtMCL
_bgre
_dGR-AtMCL
_eAACR2
245 1 _aΟ Θίασος του Μεσονυχτίου παρουσιάζει ΡΩΜΑΙΟΣ και ΙΟΥΛΙΈΤΑ
260 _bPolaris,
_c2015
300 _a100
520 _aΗ ξεκαρδιστική πλοκή συνδύαζεται τέλεια με τα πανέμοργα εύγλωττα σκίτσα.
700 1 _aΛέντλερ Ίαν
_96831
942 _cBK
999 _c5937
_d5937